[Event "KONIK MORSKI REWALA 2013<br>Miedzynarodo"]
[Site "<font size="]
[Date "2013.08.26"]
[Round "6.14"]
[White "Kamieniecki, Tomasz"]
[Black "Janus, Przemyslaw"]
[Result "1/2-1/2"]
[WhiteElo "1974"]
[BlackElo "2121"]
[PlyCount "48"]
[EventDate "2013.??.??"]

1. d4 d5 2. c4 dxc4 3. Nf3 Nf6 4. e3 a6 5. Bxc4 b5 6. Bd3 e6 7. O-O Be7 8. Qe2
O-O 9. Rd1 Nbd7 10. b3 Bb7 11. Nbd2 c5 12. Bb2 Qb6 13. Rac1 Rac8 14. Ng5 cxd4
15. Bxd4 Qa5 16. Nde4 Nxe4 17. Bxe4 Bxe4 18. Nxe4 Nf6 19. Nxf6+ Bxf6 20. Bxf6
gxf6 21. Qg4+ Kh8 22. Qh4 Kg7 23. Qg4+ Kh8 24. Qh4 Kg7 1/2-1/2

[Event "KONIK MORSKI REWALA 2013<br>Miedzynarodo"]
[Site "<font size="]
[Date "2013.08.26"]
[Round "6.15"]
[White "Gosciniak, Maria"]
[Black "Harazinska, Ewa"]
[Result "0-1"]
[WhiteElo "2098"]
[BlackElo "2041"]
[PlyCount "100"]
[EventDate "2013.??.??"]

1. e4 c5 2. Nf3 d6 3. d4 cxd4 4. Nxd4 Nf6 5. Nc3 a6 6. f3 e5 7. Nb3 Be6 8. Be3
h5 9. Be2 Nbd7 10. O-O Be7 11. Qe1 O-O 12. Rd1 Qc7 13. Qf2 Rac8 14. Rd2 b5 15.
Nd5 Bxd5 16. exd5 Bd8 17. c3 Qb7 18. Rfd1 a5 19. Qf1 a4 20. Na1 Bb6 21. Bxb6
Nxb6 22. Bxb5 Nbxd5 23. Nc2 Nc7 24. Na3 d5 25. Re1 e4 26. Rd4 Rb8 27. Rb4 Nxb5
28. Nxb5 Qb6+ 29. Kh1 Qa5 30. a3 Rfd8 31. Nd4 Rxb4 32. axb4 Qc7 33. Ra1 Ra8 34.
Qe1 g6 35. Qd2 Kg7 36. Kg1 Nd7 37. Qg5 Qe5 38. Qxe5+ Nxe5 39. Nb5 Nc4 40. Ra2
Re8 41. Nc7 Re5 42. f4 Re7 43. Nxd5 Rd7 44. Rxa4 Rxd5 45. b5 e3 46. Kf1 Rd1+
47. Ke2 Rd2+ 48. Ke1 Nxb2 49. Re4 Nd3+ 50. Kf1 Rf2+ 0-1

[Event "KONIK MORSKI REWALA 2013<br>Miedzynarodo"]
[Site "<font size="]
[Date "2013.08.26"]
[Round "6.16"]
[White "Popiol, Michal"]
[Black "Adamowicz, Maciej"]
[Result "1/2-1/2"]
[WhiteElo "1871"]
[BlackElo "2071"]
[PlyCount "22"]
[EventDate "2013.??.??"]

1. d4 g6 2. c4 Bg7 3. Nc3 c5 4. d5 Bxc3+ 5. bxc3 f5 6. Nf3 Nf6 7. e3 Qa5 8. Bd2
d6 9. Bd3 Nbd7 10. O-O Nb6 11. Re1 Bd7 1/2-1/2

[Event "KONIK MORSKI REWALA 2013<br>Miedzynarodo"]
[Site "<font size="]
[Date "2013.08.26"]
[Round "6.17"]
[White "Wacior, Maciej"]
[Black "Smola, Michal"]
[Result "1/2-1/2"]
[WhiteElo "1797"]
[BlackElo "2160"]
[PlyCount "24"]
[EventDate "2013.??.??"]

1. d4 d6 2. Nf3 Bg4 3. Nbd2 Nf6 4. e4 d5 5. Bd3 dxe4 6. Nxe4 c6 7. c3 Nxe4 8.
Bxe4 g6 9. O-O Bg7 10. h3 Be6 11. Bf4 O-O 12. Re1 Na6 1/2-1/2

[Event "KONIK MORSKI REWALA 2013<br>Miedzynarodo"]
[Site "<font size="]
[Date "2013.08.26"]
[Round "6.18"]
[White "Czyz, Artur"]
[Black "Zombirt, Filip"]
[Result "1/2-1/2"]
[WhiteElo "2042"]
[BlackElo "1964"]
[PlyCount "95"]
[EventDate "2013.??.??"]

1. d4 Nf6 2. Nf3 g6 3. g3 Bg7 4. Bg2 c5 5. O-O O-O 6. c4 cxd4 7. Nxd4 Nc6 8.
Nc3 Nxd4 9. Qxd4 d6 10. Bg5 a6 11. Rac1 Qa5 12. Qd2 Re8 13. Rfd1 Be6 14. b3
Rab8 15. Bxf6 exf6 16. Ne4 Qa3 17. Nxd6 Red8 18. c5 Bf8 19. b4 b6 20. Qf4 bxc5
21. bxc5 Be7 22. Ne4 f5 23. Qc7 fxe4 24. Qxe7 Rxd1+ 25. Rxd1 Rc8 26. Bxe4 Qxc5
27. Qxc5 Rxc5 28. Bd3 Ra5 29. Ra1 Ra3 30. Kf1 a5 31. Ke1 Rxa2 32. Rxa2 Bxa2 33.
Kd2 Kg7 34. e4 Kf6 35. f4 Ke7 36. Kc3 f6 37. h4 h6 38. g4 g5 39. hxg5 hxg5 40.
Kd4 gxf4 41. e5 fxe5+ 42. Kxe5 f3 43. Ke4 f2 44. Ke3 Be6 45. Kxf2 a4 46. Ke3 a3
47. Bb1 Bxg4 48. Kd4 1/2-1/2

[Event "KONIK MORSKI REWALA 2013<br>Miedzynarodo"]
[Site "<font size="]
[Date "2013.08.26"]
[Round "6.19"]
[White "Gawiec, Konrad"]
[Black "Kucza, Karol"]
[Result "1/2-1/2"]
[WhiteElo "1947"]
[BlackElo "1989"]
[PlyCount "120"]
[EventDate "2013.??.??"]

1. e4 e5 2. Nf3 Nc6 3. Nc3 Nf6 4. a3 d5 5. Bb5 Nxe4 6. Qe2 Nxc3 7. Qxe5+ Be7 8.
dxc3 O-O 9. Bxc6 bxc6 10. Be3 Re8 11. Qd4 c5 12. Qd3 a5 13. O-O-O c6 14. Kb1
Rb8 15. Ka1 Qd6 16. Nd2 Qf6 17. Nf3 Bf5 18. Qd2 Be4 19. Ne1 Bd6 20. f3 Bg6 21.
Nd3 c4 22. Nf2 Bxa3 23. bxa3 Qe7 24. Ka2 Qxe3 25. Rhe1 Qxd2 26. Rxe8+ Rxe8 27.
Rxd2 Re3 28. Kb2 Bf5 29. Nh1 g5 30. Ng3 Bc8 31. Ne2 f5 32. Nd4 Bd7 33. f4 gxf4
34. Rf2 c5 35. Ne2 f3 36. gxf3 Kf7 37. f4 h5 38. Ng3 h4 39. Nf1 Re8 40. Nd2 Kf6
41. Nf3 Re3 42. Nxh4 d4 43. cxd4 Bc6 44. dxc5 Rh3 45. Ng2 Rxh2 46. Rd2 Bxg2 47.
c6 c3+ 48. Kxc3 Rh3+ 49. Kc4 Bf1+ 50. Kc5 Rc3+ 51. Kb6 Bc4 52. Kxa5 Be6 53. Kb5
Rxa3 54. c4 Rb3+ 55. Kc5 Rc3 56. Rd4 Ke7 57. c7 Rc1 58. Kb6 Bd7 59. Kc5 Rb1 60.
Rd2 Re1 1/2-1/2

[Event "KONIK MORSKI REWALA 2013<br>Miedzynarodo"]
[Site "<font size="]
[Date "2013.08.26"]
[Round "6.20"]
[White "Guzik, Jolanta"]
[Black "Marczuk, Dominik"]
[Result "1-0"]
[WhiteElo "2100"]
[BlackElo "2049"]
[PlyCount "111"]
[EventDate "2013.??.??"]

1. e4 c5 2. Nc3 Nc6 3. g3 g6 4. Bg2 Bg7 5. d3 Nf6 6. Be3 d6 7. h3 Rb8 8. f4 Qb6
9. Qd2 Nh5 10. Nge2 Nxg3 11. Na4 Qb5 12. Nxg3 Qxa4 13. c3 e5 14. f5 gxf5 15. b3
Qa5 16. exf5 e4 17. Nxe4 Bxf5 18. Rc1 Bxe4 19. Bxe4 Ne5 20. d4 cxd4 21. cxd4
Qxd2+ 22. Kxd2 d5 23. Bxd5 O-O 24. Rc7 Rfd8 25. Bxb7 Ng6 26. Kd3 Be5 27. Rhc1
Bxc7 28. Rxc7 Ne5+ 29. Ke4 Rd7 30. Rxd7 Nxd7 31. Bc6 Nb6 32. d5 f6 33. Bf4 Rd8
34. a4 Kf7 35. Bc7 Rc8 36. Bd6 Rh8 37. a5 Nc8 38. Bc5 Rd8 39. b4 Kg6 40. b5 f5+
41. Kf4 Kf6 42. b6 axb6 43. axb6 Nd6 44. b7 Nxb7 45. Bxb7 Rb8 46. Bc6 Rb1 47.
Bd4+ Kg6 48. Be8+ Kh6 49. Kxf5 Rf1+ 50. Ke4 Rf4+ 51. Ke3 Rf5 52. d6 Rf6 53. d7
Re6+ 54. Kf4 Rd6 55. Ke5 Ra6 56. Be3+ 1-0

[Event "KONIK MORSKI REWALA 2013<br>Miedzynarodo"]
[Site "<font size="]
[Date "2013.08.26"]
[Round "6.21"]
[White "Pietocha, Pawel"]
[Black "Knap, Jerzy"]
[Result "1-0"]
[WhiteElo "2118"]
[BlackElo "1732"]
[PlyCount "85"]
[EventDate "2013.??.??"]

1. d4 d5 2. c4 e6 3. Nf3 Nf6 4. e3 Bb4+ 5. Nbd2 O-O 6. a3 Be7 7. Qc2 Nbd7 8.
Bd3 dxc4 9. Nxc4 h6 10. b4 b6 11. Nce5 Nxe5 12. dxe5 Nd7 13. Be4 Rb8 14. Bc6
Bb7 15. Bb2 Bxc6 16. Qxc6 Qc8 17. O-O Rb7 18. Rac1 Nb8 19. Qe4 c5 20. Nd2 Rc7
21. bxc5 Bxc5 22. Qg4 Rd8 23. Ne4 Kh8 24. Nd6 Qd7 25. Rfd1 Rg8 26. Qh5 Qe7 27.
Rc4 Rd7 28. Rf4 Rf8 29. h4 Nc6 30. Nxf7+ Rxf7 31. Rxd7 Qxd7 32. Qxf7 Qd2 33.
Qe8+ Kh7 34. Qxc6 Qxb2 35. Qxe6 Qxa3 36. Qf5+ Kg8 37. Qf7+ Kh7 38. Qf5+ Kg8 39.
g4 a5 40. g5 hxg5 41. hxg5 Qc1+ 42. Kh2 Qd2 43. Qf7+ 1-0

[Event "KONIK MORSKI REWALA 2013<br>Miedzynarodo"]
[Site "<font size="]
[Date "2013.08.26"]
[Round "6.22"]
[White "Siedlinski, Piotr"]
[Black "Spicak, Krzysztof"]
[Result "1/2-1/2"]
[WhiteElo "2092"]
[BlackElo "1962"]
[PlyCount "57"]
[EventDate "2013.??.??"]

1. e4 e6 2. d4 d5 3. Nd2 Nf6 4. e5 Nfd7 5. Bd3 c5 6. c3 Nc6 7. Ndf3 cxd4 8.
cxd4 f6 9. exf6 Qxf6 10. Ne2 Bd6 11. Bg5 Qf7 12. Be3 Nf8 13. a3 e5 14. dxe5
Nxe5 15. Nxe5 Bxe5 16. Bd4 Bd6 17. Qb3 a6 18. Qc3 Ne6 19. Be5 Bc5 20. Nd4 O-O
21. O-O Bxd4 22. Bxd4 Nf4 23. Be5 Nxd3 24. Qxd3 Bd7 25. Qd4 Rac8 26. Rac1 Rc4
27. Rxc4 dxc4 28. f4 Bf5 29. Rc1 1/2-1/2

[Event "KONIK MORSKI REWALA 2013<br>Miedzynarodo"]
[Site "<font size="]
[Date "2013.08.26"]
[Round "6.23"]
[White "Smal, Tobiasz"]
[Black "Puczylowski, Marcin"]
[Result "0-1"]
[WhiteElo "1928"]
[BlackElo "2033"]
[PlyCount "114"]
[EventDate "2013.??.??"]

1. d4 Nf6 2. c4 c5 3. Nf3 cxd4 4. Nxd4 e6 5. Nc3 Bb4 6. Qb3 Qa5 7. Bd2 e5 8.
Ndb5 Nc6 9. a3 a6 10. Nc7+ Qxc7 11. axb4 Nd4 12. Qd1 Qxc4 13. e3 Qe6 14. exd4
exd4+ 15. Ne2 d3 16. Bc3 dxe2 17. Bxe2 O-O 18. O-O Ne4 19. Re1 Nxc3 20. bxc3
Qf6 21. Qd2 Rd8 22. c4 d6 23. Bf3 Rb8 24. Red1 Be6 25. Qd3 g6 26. b5 axb5 27.
cxb5 d5 28. Ra4 Rbc8 29. Rd4 Rc5 30. Qb3 b6 31. h3 Qe5 32. Qb4 Qc7 33. Qb3 Qd7
34. Be2 Rdc8 35. Bf1 Rc1 36. Qd3 Qd6 37. Be2 Qc5 38. Bf3 Bf5 39. Qd2 Rxd1+ 40.
Qxd1 Qxb5 41. Rxd5 Qc4 42. Rd8+ Kg7 43. Rxc8 Bxc8 44. Qb1 Qd4 45. Be2 Bf5 46.
Qb3 Qa1+ 47. Bd1 Be6 48. Qc2 b5 49. Kh2 b4 50. Qd2 Qe5+ 51. g3 Qc3 52. Qxc3+
bxc3 53. g4 Bc4 54. Bc2 Kf6 55. f4 Ke6 56. Kg3 Kd5 57. Kf3 Kd4 0-1

[Event "KONIK MORSKI REWALA 2013<br>Miedzynarodo"]
[Site "<font size="]
[Date "2013.08.26"]
[Round "6.25"]
[White "Marczuk, Anna"]
[Black "Gabryjalowicz, Jakub"]
[Result "1-0"]
[WhiteElo "1780"]
[BlackElo "1781"]
[PlyCount "79"]
[EventDate "2013.??.??"]

1. e4 c5 2. Nf3 Nc6 3. Nc3 d6 4. d4 cxd4 5. Nxd4 e5 6. Nxc6 bxc6 7. Bc4 Nf6 8.
Bg5 Be7 9. Qd2 Be6 10. Bb3 O-O 11. Rd1 Bxb3 12. axb3 Qb6 13. Bxf6 Bxf6 14. Qxd6
Rfd8 15. Qa3 Rxd1+ 16. Nxd1 Rd8 17. O-O Rd2 18. Ne3 Qd4 19. Qa6 Qxe4 20. Qxa7
g6 21. Qa5 Qd4 22. Qa8+ Kg7 23. Qxc6 Bg5 24. c3 Qa7 25. Nc4 Rc2 26. Qe4 Rc1 27.
Rxc1 Bxc1 28. Qxe5+ Kg8 29. g3 Bxb2 30. Nxb2 Qa1+ 31. Kg2 Qxb2 32. b4 h5 33. h4
Qb3 34. b5 f6 35. Qe8+ Kg7 36. Qc6 g5 37. hxg5 fxg5 38. b6 h4 39. b7 g4 40.
gxh4 1-0

[Event "KONIK MORSKI REWALA 2013<br>Miedzynarodo"]
[Site "<font size="]
[Date "2013.08.26"]
[Round "6.26"]
[White "Smolka, Marcin"]
[Black "Blaszkiewicz, Mateusz"]
[Result "1-0"]
[WhiteElo "2040"]
[BlackElo "1833"]
[PlyCount "37"]
[EventDate "2013.??.??"]

1. e4 e5 2. Nf3 Nc6 3. Nc3 Bb4 4. Nd5 Bc5 5. c3 Nf6 6. d4 exd4 7. Bg5 dxc3 8.
e5 cxb2 9. Rb1 Bxf2+ 10. Ke2 Nxd5 11. Qxd5 f6 12. exf6 gxf6 13. Kxf2 fxg5 14.
h4 Qf6 15. hxg5 Qf7 16. Re1+ Ne7 17. Qe5 Rf8 18. Bc4 d5 19. Bxd5 1-0

[Event "KONIK MORSKI REWALA 2013<br>Miedzynarodo"]
[Site "<font size="]
[Date "2013.08.27"]
[Round "7.1"]
[White "Malaniuk, Vladimir P"]
[Black "Strzemiecki, Zbigniew"]
[Result "1/2-1/2"]
[WhiteElo "2528"]
[BlackElo "2437"]
[PlyCount "22"]
[EventDate "2013.??.??"]

1. Nf3 Nf6 2. c4 e6 3. d4 b6 4. g3 Bb7 5. Bg2 Be7 6. O-O O-O 7. Nc3 Ne4 8. Bd2
Nxc3 9. Bxc3 Be4 10. Ne1 Bxg2 11. Nxg2 d5 1/2-1/2

[Event "KONIK MORSKI REWALA 2013<br>Miedzynarodo"]
[Site "<font size="]
[Date "2013.08.27"]
[Round "7.2"]
[White "Ziaziulkina, Nastassia"]
[Black "Rudolf, Michal"]
[Result "1/2-1/2"]
[WhiteElo "2340"]
[BlackElo "2367"]
[PlyCount "55"]
[EventDate "2013.??.??"]

1. e4 c6 2. Nf3 d5 3. Nc3 Nf6 4. e5 Ne4 5. d4 Nxc3 6. bxc3 e6 7. Bd3 Be7 8. O-O
c5 9. Be3 c4 10. Be2 Bd7 11. Qd2 Ba4 12. Bg5 Nc6 13. Rfb1 Qc7 14. Bxe7 Qxe7 15.
Ne1 O-O-O 16. f4 f6 17. exf6 gxf6 18. Bg4 Rhg8 19. Bh3 Kb8 20. Nf3 Qd6 21. Re1
Rge8 22. Re2 e5 23. fxe5 fxe5 24. dxe5 Nxe5 25. Nd4 Nc6 26. Ne6 Rd7 27. Rae1
Rde7 28. Bf5 1/2-1/2

[Event "KONIK MORSKI REWALA 2013<br>Miedzynarodo"]
[Site "<font size="]
[Date "2013.08.27"]
[Round "7.3"]
[White "Musialkiewicz, Jan"]
[Black "Kaczmarek, Aleksander"]
[Result "1/2-1/2"]
[WhiteElo "2266"]
[BlackElo "2147"]
[PlyCount "44"]
[EventDate "2013.??.??"]

1. d4 c5 2. d5 d6 3. c4 g6 4. Nc3 Bg7 5. g3 e6 6. Bg2 exd5 7. Nxd5 Nc6 8. Nf3
h6 9. O-O Nge7 10. Bf4 Nf5 11. Qd2 g5 12. e4 Nfd4 13. Be3 Bg4 14. Bxd4 Nxd4 15.
Nxd4 Bxd4 16. Kh1 h5 17. f4 h4 18. gxh4 gxf4 19. Qxf4 Be6 20. Bh3 Be5 21. Qf2
Bd4 22. Qf4 Be5 1/2-1/2

[Event "KONIK MORSKI REWALA 2013<br>Miedzynarodo"]
[Site "<font size="]
[Date "2013.08.27"]
[Round "7.4"]
[White "Stachowiak, Kamil"]
[Black "Tokarski, Lukasz"]
[Result "1-0"]
[WhiteElo "2470"]
[BlackElo "2270"]
[PlyCount "73"]
[EventDate "2013.??.??"]

1. d4 Nf6 2. Nf3 c5 3. d5 g6 4. Nc3 d6 5. e4 Bg7 6. Be2 O-O 7. O-O Na6 8. Nd2
e6 9. Nc4 exd5 10. exd5 Nc7 11. a4 Re8 12. Bf3 Bf5 13. Bf4 Bf8 14. Qd2 Qd7 15.
Rfe1 Rxe1+ 16. Rxe1 Re8 17. Rxe8 Ncxe8 18. h3 h5 19. Ne3 Ng7 20. Qe2 Qe7 21.
Nb5 Qd7 22. Nc3 Qe7 23. g4 hxg4 24. hxg4 Bd7 25. Qd3 Nfe8 26. Nc4 g5 27. Bd2 f5
28. gxf5 Bxf5 29. Be4 Qf6 30. Ne3 Bd7 31. Ne2 Qh6 32. Nf5 Nxf5 33. Bxf5 Bxf5
34. Qxf5 Be7 35. Ng3 Qf6 36. Qd7 Ng7 37. Qxb7 1-0

[Event "KONIK MORSKI REWALA 2013<br>Miedzynarodo"]
[Site "<font size="]
[Date "2013.08.27"]
[Round "7.5"]
[White "Skawinski, Arkadiusz"]
[Black "Licznerski, Lukasz"]
[Result "1-0"]
[WhiteElo "2284"]
[BlackElo "2332"]
[PlyCount "83"]
[EventDate "2013.??.??"]

1. e4 c6 2. d4 d5 3. exd5 cxd5 4. c4 Nf6 5. Nc3 g6 6. Qb3 Bg7 7. cxd5 O-O 8.
Nge2 Nbd7 9. g3 Nb6 10. Bg2 a5 11. O-O Qd6 12. Nf4 a4 13. Qb5 Bd7 14. Qe2 Rfc8
15. Re1 Kf8 16. a3 Bg4 17. Qb5 Bd7 18. Qe2 Ra5 19. Bd2 Ra6 20. Ne4 Nxe4 21. Bb4
Qf6 22. Qxe4 Qxd4 23. Qxe7+ Kg8 24. Rac1 Raa8 25. Bc3 Qc5 26. Qxc5 Rxc5 27.
Bxg7 Rxc1 28. Rxc1 Kxg7 29. Rc7 Ra5 30. Rxb7 Rb5 31. Nd3 Bc8 32. Rc7 Rb3 33.
Rc3 Rxc3 34. bxc3 Bb7 35. Nb2 Kf6 36. f4 g5 37. fxg5+ Ke5 38. c4 Kd4 39. d6 Bc8
40. Bc6 Kc5 41. Bb5 Bd7 42. Nxa4+ 1-0

[Event "KONIK MORSKI REWALA 2013<br>Miedzynarodo"]
[Site "<font size="]
[Date "2013.08.27"]
[Round "7.6"]
[White "Brzezinski, Mateusz"]
[Black "Sieciechowicz, Marcin"]
[Result "0-1"]
[WhiteElo "2137"]
[BlackElo "2458"]
[PlyCount "144"]
[EventDate "2013.??.??"]

1. d4 Nf6 2. g3 g6 3. c4 Bg7 4. Bg2 d5 5. Nf3 dxc4 6. Qa4+ Nbd7 7. Nc3 O-O 8.
Qxc4 a6 9. Bf4 c6 10. O-O Nb6 11. Qd3 Nbd5 12. Nxd5 Nxd5 13. Bd2 Bg4 14. h3
Bxf3 15. Bxf3 Nc7 16. Ba5 Qd7 17. Bxc7 Qxc7 18. Rfd1 Rfd8 19. Qc4 Rd6 20. Rd3
Qd7 21. d5 cxd5 22. Rxd5 Rxd5 23. Qxd5 Qxd5 24. Bxd5 Rb8 25. Rc1 b5 26. b3 Rd8
27. Bb7 Rd2 28. Rc8+ Bf8 29. Bxa6 Rxe2 30. Bxb5 Rxa2 31. Rc1 Rb2 32. Bc4 e6 33.
Re1 Bc5 34. Re2 Rb1+ 35. Kg2 Kg7 36. h4 h5 37. Rd2 Kf6 38. Kf3 Ke7 39. Ke4 f5+
40. Kf3 e5 41. Kg2 e4 42. Bg8 Kf6 43. Rc2 Bd4 44. Rd2 Bc5 45. Rc2 Be7 46. Re2
Kg7 47. Bc4 Bc5 48. Rd2 Kf6 49. Bg8 Rc1 50. Bc4 Bb4 51. Ra2 Rd1 52. Re2 Bd6 53.
f3 Rd4 54. fxe4 fxe4 55. Kh3 Bb4 56. g4 Bd2 57. gxh5 gxh5 58. Rh2 Bf4 59. Ra2
Bd2 60. Be2 Kf5 61. Kg3 Be1+ 62. Kg2 Kf4 63. Bxh5 Bxh4 64. Be2 Be1 65. Bc4 Bb4
66. Rf2+ Kg4 67. Be2+ Kg5 68. Bc4 Bd2 69. Kf1 Be3 70. Rf8 Bf4 71. Ke1 Bd6 72.
Ke2 Bxf8 0-1

[Event "KONIK MORSKI REWALA 2013<br>Miedzynarodo"]
[Site "<font size="]
[Date "2013.08.27"]
[Round "7.7"]
[White "Voloshin, Leonid"]
[Black "Khamidov, Komil"]
[Result "1/2-1/2"]
[WhiteElo "2420"]
[BlackElo "2068"]
[PlyCount "76"]
[EventDate "2013.??.??"]

1. Nf3 Nf6 2. g3 d5 3. Bg2 e6 4. O-O Be7 5. d3 O-O 6. Nbd2 c5 7. e4 Nc6 8. e5
Nd7 9. Re1 Qc7 10. Qe2 b5 11. Nf1 a5 12. h4 b4 13. N1h2 Ba6 14. c3 a4 15. a3
bxc3 16. bxc3 Rfb8 17. Bf4 Rb3 18. c4 dxc4 19. dxc4 Rab8 20. Nd2 Rb2 21. Nhf3
Na5 22. Qe4 Nb6 23. Bf1 Bb7 24. Qd3 Qc6 25. Qc3 Naxc4 26. Nxc4 Rb3 27. Na5 Rxc3
28. Nxc6 Bxc6 29. Nd2 c4 30. Reb1 Rb3 31. Be3 Bd5 32. Rc1 Rxa3 33. Rab1 Rb3 34.
Ra1 h6 35. Bxb6 R8xb6 36. Rxa4 R3b4 37. Rxb4 Bxb4 38. Nxc4 Rc6 1/2-1/2

[Event "KONIK MORSKI REWALA 2013<br>Miedzynarodo"]
[Site "<font size="]
[Date "2013.08.27"]
[Round "7.8"]
[White "Polok, Kacper"]
[Black "Reza, Wojciech"]
[Result "1/2-1/2"]
[WhiteElo "2213"]
[BlackElo "2135"]
[PlyCount "60"]
[EventDate "2013.??.??"]

1. e4 c5 2. Nf3 Nc6 3. Bb5 g6 4. O-O Bg7 5. c3 Qb6 6. a4 a6 7. Bc4 d6 8. d3 e6
9. Be3 Qxb2 10. Ra2 Qb6 11. d4 Na5 12. Qe2 Ne7 13. e5 cxd4 14. Bxd4 Qc6 15. Bb5
axb5 16. axb5 Qd7 17. Bb6 Nd5 18. Bxa5 b6 19. c4 Rxa5 20. Rxa5 bxa5 21. cxd5
O-O 22. Rd1 Rd8 23. Nc3 Qc7 24. Qe3 dxe5 25. b6 Qb8 26. Qc5 e4 27. Nxe4 exd5
28. Qxa5 Bg4 29. Rxd5 Rxd5 30. Qxd5 Qxb6 1/2-1/2

[Event "KONIK MORSKI REWALA 2013<br>Miedzynarodo"]
[Site "<font size="]
[Date "2013.08.27"]
[Round "7.9"]
[White "Marusenko, Petr"]
[Black "Nowak, Lukasz"]
[Result "1/2-1/2"]
[WhiteElo "2192"]
[BlackElo "1994"]
[PlyCount "92"]
[EventDate "2013.??.??"]

1. d4 Nf6 2. Nf3 e6 3. c4 d5 4. Nc3 dxc4 5. e3 a6 6. Bxc4 b5 7. Bd3 Bb7 8. O-O
c5 9. a3 Nbd7 10. Qe2 Bd6 11. Rd1 Qb8 12. h3 O-O 13. e4 cxd4 14. Nxd4 Rd8 15.
Bc2 Bh2+ 16. Kh1 Be5 17. Nb3 a5 18. Qe3 b4 19. Ne2 a4 20. Nd2 b3 21. Bb1 Bc7
22. Nc3 Bb6 23. Qe1 Ne5 24. Nf1 Qa7 25. Be3 Nc4 26. Rxd8+ Rxd8 27. Bxb6 Nxb6
28. e5 Nfd5 29. Be4 Nxc3 30. Bxb7 Nbd5 31. Bxd5 Nxd5 32. Qd2 Rc8 33. Rc1 Qb8
34. Ne3 Nxe3 35. Qxe3 Rxc1+ 36. Qxc1 h6 37. Qf4 Qc7 38. Qd4 Qc2 39. Kh2 Kh7 40.
g4 Qe2 41. Kg3 g5 42. h4 gxh4+ 43. Kxh4 Qf3 44. Qa7 Kg7 45. Qd4 Kg6 46. Qc5 Kg7
1/2-1/2

[Event "KONIK MORSKI REWALA 2013<br>Miedzynarodo"]
[Site "<font size="]
[Date "2013.08.27"]
[Round "7.10"]
[White "Harazinska, Ewa"]
[Black "Lach, Aleksandra"]
[Result "0-1"]
[WhiteElo "2041"]
[BlackElo "2161"]
[PlyCount "140"]
[EventDate "2013.??.??"]

1. d4 d5 2. c4 e5 3. dxe5 d4 4. Nf3 Nc6 5. a3 Nge7 6. e3 Bg4 7. Be2 dxe3 8.
Qxd8+ Rxd8 9. Bxe3 Nf5 10. Bg5 Be7 11. Bxe7 Nfxe7 12. O-O Bxf3 13. Bxf3 Nxe5
14. Be2 O-O 15. Nc3 Rd2 16. b3 N7c6 17. Rfd1 Rfd8 18. Kf1 Na5 19. Ke1 Rxd1+ 20.
Rxd1 Rxd1+ 21. Bxd1 Nd3+ 22. Ke2 Nc1+ 23. Ke3 Ncxb3 24. Bxb3 Nxb3 25. Nb5 Na5
26. Kd3 Nc6 27. f4 Kf8 28. Nxc7 Ke7 29. Nd5+ Kd6 30. Nc3 f5 31. g3 a6 32. h3 h5
33. h4 Nd8 34. Nd5 Ne6 35. Nc3 Nc5+ 36. Kd4 Ne6+ 37. Kd3 g6 38. Ke3 Kc5 39. Kd3
Kd6 40. Ke3 Kc5 41. Kd3 b5 42. cxb5 axb5 43. Ne2 Kb6 44. Nc3 Ka5 45. Ke3 Kb6
46. Kd3 Kc6 47. Ke3 Kc5 48. Kd3 Nd4 49. Nb1 Nf3 50. Nc3 Nh2 51. Ne2 Ng4 52. Ng1
Nf2+ 53. Kc2 Ne4 54. Nf3 Nxg3 55. Ne5 Ne2 56. Nxg6 Kd4 57. Kb3 Ke4 58. Kb4 Nd4
59. Kc3 Ne2+ 60. Kb4 Nxf4 61. Nf8 Nd5+ 62. Kxb5 f4 63. Ne6 Nc7+ 64. Nxc7 f3 65.
a4 f2 66. a5 f1=Q+ 67. Kb6 Qb1+ 68. Ka7 Ke5 69. a6 Kd6 70. Ne8+ Kc6 0-1

[Event "KONIK MORSKI REWALA 2013<br>Miedzynarodo"]
[Site "<font size="]
[Date "2013.08.27"]
[Round "7.11"]
[White "Kiolbasa, Oliwia"]
[Black "Kamieniecki, Tomasz"]
[Result "0-1"]
[WhiteElo "1955"]
[BlackElo "1974"]
[PlyCount "104"]
[EventDate "2013.??.??"]

1. e4 Nf6 2. e5 Nd5 3. d4 d6 4. c4 Nb6 5. exd6 exd6 6. Nc3 Be7 7. h3 Nc6 8. Nf3
Bf5 9. a3 O-O 10. Be2 Bf6 11. O-O Re8 12. Re1 h6 13. Be3 Na5 14. b3 d5 15. c5
Nc8 16. Rc1 Ne7 17. Nh2 b6 18. b4 Nac6 19. cxb6 cxb6 20. Ba6 Bc8 21. Bxc8 Rxc8
22. Ng4 Nf5 23. Qd3 Nxe3 24. Nxf6+ Qxf6 25. fxe3 Ne7 26. e4 Qg6 27. Qf3 dxe4
28. Nxe4 Rxc1 29. Rxc1 Nd5 30. Nd2 Qg5 31. Rf1 Nf6 32. Nc4 Rc8 33. Nd6 Rc1 34.
Qa8+ Kh7 35. Qf3 Rxf1+ 36. Qxf1 Qe3+ 37. Kh2 Qxd4 38. Nf5 Qe5+ 39. Kg1 g6 40.
Ng3 Kg7 41. Ne2 Qe3+ 42. Kh2 Qxa3 43. Qf4 Qd3 44. Ng3 h5 45. Qg5 Qd6 46. Kh1
Qd1+ 47. Kh2 Qd3 48. Kh1 a5 49. bxa5 bxa5 50. Kh2 a4 51. Qa5 a3 52. Qa4 Qd6 0-1

[Event "KONIK MORSKI REWALA 2013<br>Miedzynarodo"]
[Site "<font size="]
[Date "2013.08.27"]
[Round "7.12"]
[White "Musialkiewicz, Pawel"]
[Black "Popiol, Michal"]
[Result "1-0"]
[WhiteElo "2191"]
[BlackElo "1871"]
[PlyCount "101"]
[EventDate "2013.??.??"]

1. d4 Nf6 2. c4 c5 3. d5 e6 4. Nc3 exd5 5. cxd5 d6 6. e4 g6 7. f3 Bg7 8. Bg5
O-O 9. Qd2 a6 10. a4 Nbd7 11. Nh3 Rb8 12. Nf2 Qc7 13. Be2 b6 14. O-O c4 15. Ra3
b5 16. axb5 axb5 17. b4 cxb3 18. Nxb5 Qb6 19. Rxb3 Nc5 20. Rbb1 Ba6 21. Qf4 Nh5
22. Qe3 Rfe8 23. Nc3 Qa5 24. Bxa6 Qxa6 25. g4 Nf6 26. Rxb8 Rxb8 27. Rb1 Rxb1+
28. Nxb1 Qa1 29. Qc1 Nfd7 30. Na3 Qxc1+ 31. Bxc1 Bd4 32. Bf4 Nd3 33. Bg3 N7e5
34. Nb5 Nxf3+ 35. Kg2 Bxf2 36. Kxf3 Bxg3 37. Kxg3 Kf8 38. Nxd6 Ke7 39. Nc4 f6
40. Kf3 Nb4 41. Ke3 f5 42. g5 Nc2+ 43. Kf4 fxe4 44. Kxe4 Ne1 45. Ne3 Kd6 46. h3
Kc5 47. Ng4 Nc2 48. Nf6 Nb4 49. Nxh7 Nxd5 50. Nf8 Ne7 51. Ke5 1-0

[Event "KONIK MORSKI REWALA 2013<br>Miedzynarodo"]
[Site "<font size="]
[Date "2013.08.27"]
[Round "7.13"]
[White "Adamowicz, Maciej"]
[Black "Wisniewski, Michal"]
[Result "1-0"]
[WhiteElo "2071"]
[BlackElo "1876"]
[PlyCount "188"]
[EventDate "2013.??.??"]

1. c4 e5 2. g3 Nf6 3. Bg2 d5 4. cxd5 Nxd5 5. Nc3 Nb6 6. Nf3 Nc6 7. O-O Be7 8.
a3 Be6 9. b4 O-O 10. Rb1 f6 11. d3 a5 12. b5 Nd4 13. Nd2 c6 14. bxc6 Nxc6 15.
Na4 Nxa4 16. Qxa4 Nd4 17. Qd1 Bg4 18. Re1 Bc5 19. h3 Nxe2+ 20. Rxe2 Bxe2 21.
Qxe2 Rb8 22. Rxb7 Rxb7 23. Bxb7 Qd7 24. Qe4 Kh8 25. Qd5 Qc7 26. Nb3 Rd8 27.
Qxc5 Qxb7 28. Nxa5 Qd7 29. Kh2 Qxd3 30. Nb7 Ra8 31. Nd6 h6 32. Qb4 Qc2 33. Be3
Ra4 34. Qc5 Qd3 35. Qc8+ Kh7 36. Bc5 Qd5 37. Qc7 Qe6 38. Bb4 Ra6 39. Qc2+ Kg8
40. Qd3 Rc6 41. Nf5 e4 42. Qd8+ Kh7 43. Ne3 Qa2 44. Qd2 Qb1 45. Ng2 Rc2 46. Qe3
Rc1 47. Ne1 Rc4 48. Bd2 Qa2 49. g4 Qb2 50. Kg2 h5 51. gxh5 Qe5 52. Qe2 Qd5 53.
Be3 Rc3 54. Nc2 Qd3 55. Nd4 Qxe2 56. Nxe2 Rxa3 57. Nf4 Ra5 58. h4 Rb5 59. Kg3
Ra5 60. Kg4 Rb5 61. Ng6 Rb1 62. Kf4 Rb5 63. Kg4 Rb1 64. Bf4 Rg1+ 65. Kf5 Rg2
66. Be3 Rg1 67. Kxe4 Rb1 68. Kf5 Rb5+ 69. Kg4 Rb4+ 70. Bf4 Re4 71. Kf5 Rb4 72.
Nf8+ Kg8 73. Ne6 Kf7 74. Nd8+ Kg8 75. Bg3 Kh7 76. Nc6 Rc4 77. Ne7 Kh6 78. Ke6
Kxh5 79. Kf7 g5 80. hxg5 Kxg5 81. Nd5 f5 82. Be5 Rc5 83. f4+ Kg4 84. Ne3+ Kf3
85. Nxf5 Ke4 86. Ke6 Rc1 87. Ng3+ Kf3 88. f5 Rc8 89. Ke7 Rc5 90. Ke6 Rc8 91.
Nh5 Re8+ 92. Kd6 Rf8 93. Nf6 Ra8 94. Ke6 Re8+ 1-0

[Event "KONIK MORSKI REWALA 2013<br>Miedzynarodo"]
[Site "<font size="]
[Date "2013.08.27"]
[Round "7.14"]
[White "Karwowski, Kacper"]
[Black "Wacior, Maciej"]
[Result "1/2-1/2"]
[WhiteElo "1904"]
[BlackElo "1797"]
[PlyCount "86"]
[EventDate "2013.??.??"]

1. e4 c6 2. d4 d5 3. exd5 cxd5 4. c4 Nf6 5. Nc3 g6 6. Qb3 Bg7 7. cxd5 O-O 8.
Be2 Nbd7 9. Bf3 Nb6 10. Bf4 Bg4 11. Bxg4 Nxg4 12. Nf3 Nf6 13. d6 exd6 14. O-O
Qd7 15. a4 Nh5 16. Bg3 Nxg3 17. hxg3 Rac8 18. Nb5 Ra8 19. a5 a6 20. Nc3 Nc8 21.
Nd5 Rb8 22. Rac1 Na7 23. Nb6 Qd8 24. Rfe1 Nb5 25. Re4 Re8 26. Rf4 Re6 27. Kh2
Bh6 28. Nd5 Bxf4 29. gxf4 h6 30. g4 Rc8 31. Rf1 Kh7 32. f5 Re4 33. Kg3 gxf5 34.
gxf5 Nxd4 35. Qd3 Nxf5+ 36. Kg2 Rcc4 37. Re1 Nh4+ 38. Nxh4 Qxh4 39. Rxe4 Rxe4
40. f3 Qg5+ 41. Kf2 Qh4+ 42. Kg2 Qg5+ 43. Kf2 Qh4+ 1/2-1/2